000
00311nam a22001337a 4500
999
_c
11203
_d
11203
003
OSt
008
220511b ||||| |||| 00| 0 eng d
100
_a
BALUJA,G.S.
245
_a
Data Structures through C
250
_a
Rep
260
_a
New Delhi
_b
Dhanpat Rai & Co
_c
2012
300
_a
651
942
_2
ddc
_c
BK
_0
4